| 000 | 00815nam a2200229 a 4500 | ||
|---|---|---|---|
| 001 | BRCA_1436 | ||
| 005 | 20190320203428.0 | ||
| 008 | 250805s1987----mx-a---g##---#000-0#spa-# | ||
| 020 | _a9686120041 | ||
| 050 | 4 |
_aF1215 _b.C43 1987 |
|
| 100 | 1 |
_aChabrand, Émile _94700 |
|
| 245 | 1 | 0 |
_aDe Barceloneta a la República Mexicana _cÉmile Chabrand ; traducción, estudio preliminar y notas de Luis Everaert Dubernard. |
| 260 |
_aMéxico _bBanco de México _c1987 |
||
| 300 |
_a268 p. _bil. _c21 cm. |
||
| 500 | _aTraducción de: de Barcelonette au Mexique | ||
| 500 | _a2do. ejemplar en el Área de Investigación | ||
| 650 | 1 | 4 |
_aViajes y travesías _94701 |
| 650 | 1 | 4 |
_aMéxico _eDescripción y viajes _94504 |
| 700 | 1 |
_aDubernard, Luis Everaert _94702 |
|
| 700 | 1 |
_aBanco de México (1925- ) _94703 |
|
| 942 |
_2lcc _cB |
||
| 999 |
_c1298 _d1298 |
||